Utazások száz dollárral vignetták

Bibliographic Details
Main Author: Mészáros, Sándor 1959- (Author)
Other Authors: Horban, Marko, 1975- (Illustrator)
Format: Article
Language:Slovak
Hungarian
PhysicalDescription:Obr.
ISSN:1335-1826
Subjects:

MARC

LEADER 00000nab a2200000 a 4500
001 vtls000888094
003 SK-MaSNL
005 20260304113517.0
008 250429c2004 xo 0 slo
015 |a SNBRB2004/10-ccccc 
035 |a CLN000239529 
035 |a urn:nbn:sk:snk-abtmu 
035 |a (urnnbn)urn:nbn:sk:snk:ar-0033xn 
035 |a (uuid)dbbdb021-bb32-4809-9951-57a16a38ae48 
040 |a SNKBUCL  |b slo  |c SNKBUCL  |e AACR2 
041 0 |a hun 
044 |a xo  |c SK 
080 |a 821.511.141-32=511.141  |2 1997 
100 1 |a Mészáros, Sándor  |d 1959-  |4 aut  |9 1042726 
245 1 0 |a Utazások száz dollárral  |b vignetták  |c Mészáros Sándor ; illusztrálta Marko Horban 
300 |b Obr. 
650 0 7 |a prózy psychologické maďarské  |2 snkbucl  |9 841825 
655 7 |a články z novín a časopisov  |2 snkbucl  |9 267496 
700 1 |a Horban, Marko,  |d 1975-  |4 ill  |9 221748 
773 0 |t Kalligram  |g Roč. 12, č. 9 (2004), s. 35-45  |x 1335-1826 
850 |a Slovenská národná knižnica 
852 |a Slovenská národná knižnica 
958 |a article27 
958 |a OND 
958 |a HU 
958 |a LX 
992 |a RBX 
999 |c 2869736  |d 2871666